[Event "2. Magistral Marcel Duchamp 2010"]
[Site "Buenos Aires"]
[Date "2010.12.11"]
[Round "1.3"]
[White "Ricardi, Pablo"]
[Black "Milos, Gilberto"]
[Result "1/2-1/2"]
[WhiteElo "2517"]
[BlackElo "2596"]
[PlyCount "49"]
[EventDate "2010.12.11"]
[EventType "tourn"]
[EventRounds "9"]
[EventCountry "ARG"]
[EventCategory "9"]
[Source "lmi"]
[SourceDate "2010.12.11"]

1. Nf3 Nf6 2. c4 b6 3. g3 Bb7 4. Bg2 e6 5. O-O Be7 6. Nc3 O-O 7. Re1 Ne4 8.
Nxe4 Bxe4 9. d3 Bb7 10. e4 c5 11. d4 cxd4 12. Nxd4 d6 13. b3 a6 14. Bb2 Nd7 15.
e5 Bxg2 16. exd6 Bxd6 17. Kxg2 Qc7 18. Qe2 Rfe8 19. Rac1 Be5 20. Rc2 Rad8 21.
Rd1 g6 22. b4 Rc8 23. Nf3 Bxb2 24. Rxb2 e5 25. Rbd2 1/2-1/2

[Event "2. Magistral Marcel Duchamp 2010"]
[Site "Buenos Aires"]
[Date "2010.12.11"]
[Round "1.4"]
[White "Perez Ponsa, Federico"]
[Black "Dos Santos, Ramiro"]
[Result "1/2-1/2"]
[WhiteElo "2469"]
[BlackElo "2450"]
[PlyCount "45"]
[EventDate "2010.12.11"]
[EventType "tourn"]
[EventRounds "9"]
[EventCountry "ARG"]
[EventCategory "9"]
[Source "lmi"]
[SourceDate "2010.12.11"]

1. e4 e5 2. Nf3 Nc6 3. Bb5 g6 4. d4 exd4 5. Bg5 Be7 6. Bxe7 Qxe7 7. Bxc6 dxc6
8. Qxd4 Nf6 9. Nc3 Bg4 10. Nd2 c5 11. Qe3 O-O-O 12. h3 Bd7 13. O-O-O Bc6 14. f3
b6 15. Rhe1 Rhe8 16. Nf1 Nh5 17. Rxd8+ Rxd8 18. Rd1 Rxd1+ 19. Nxd1 Qe5 20. Qd2
Nf4 21. Nfe3 h5 22. Nc4 Qg5 23. Nce3 1/2-1/2

[Event "2. Magistral Marcel Duchamp 2010"]
[Site "Buenos Aires"]
[Date "2010.12.12"]
[Round "2.1"]
[White "Flores, Diego"]
[Black "Rodriguez Vila, Andres"]
[Result "1/2-1/2"]
[WhiteElo "2603"]
[BlackElo "2556"]
[PlyCount "110"]
[EventDate "2010.12.11"]
[EventType "tourn"]
[EventRounds "9"]
[EventCountry "ARG"]
[EventCategory "9"]
[Source "lmi"]
[SourceDate "2010.12.11"]

1. c4 c5 2. Nf3 g6 3. g3 b6 4. Bg2 Bb7 5. O-O Bg7 6. Nc3 Nf6 7. d4 cxd4 8. Nxd4
Bxg2 9. Kxg2 Nc6 10. b3 h5 11. Bb2 h4 12. Nd5 Kf8 13. Nf3 hxg3 14. Bxf6 Bxf6
15. Nxf6 exf6 16. hxg3 Kg7 17. Qd2 Qe7 18. Rad1 Rad8 19. Rh1 Ne5 20. Rxh8 Rxh8
21. Qd6 Qxd6 22. Rxd6 Rd8 23. e4 Kf8 24. Rxf6 Ke7 25. Rf4 Nd3 26. Rh4 a5 27. a4
Nc5 28. Nd2 Kd6 29. Rh7 Rf8 30. Kf3 Ne6 31. Ke3 Kc5 32. Kd3 Kb4 33. f3 d6 34.
f4 f5 35. Kc2 Nd4+ 36. Kb2 fxe4 37. Nxe4 Nxb3 38. Rb7 Nc5 39. Rxb6+ Kxc4 40.
Nxd6+ Kd5 41. Ka3 Nd7 42. Ra6 Rf6 43. Rxa5+ Kxd6 44. Ra6+ Kc5 45. Rxf6 Nxf6 46.
Kb3 Nh5 47. Kc3 Nxg3 48. Kd3 Kd5 49. a5 Ne4 50. Ke3 Nc5 51. Kf3 Ke6 52. Kg4 Kf6
53. Kg3 Kf5 54. Kf3 Na6 55. Kg3 Ke6 1/2-1/2

[Event "2. Magistral Marcel Duchamp 2010"]
[Site "Buenos Aires"]
[Date "2010.12.12"]
[Round "2.2"]
[White "Dos Santos, Ramiro"]
[Black "Pierrot, Facundo"]
[Result "1/2-1/2"]
[WhiteElo "2450"]
[BlackElo "2439"]
[PlyCount "104"]
[EventDate "2010.12.11"]
[EventType "tourn"]
[EventRounds "9"]
[EventCountry "ARG"]
[EventCategory "9"]
[Source "lmi"]
[SourceDate "2010.12.11"]

1. e4 e5 2. Nf3 Nc6 3. Bb5 a6 4. Ba4 Nf6 5. O-O Be7 6. Re1 b5 7. Bb3 O-O 8. c3
d6 9. d4 Bg4 10. d5 Na5 11. Bc2 c6 12. h3 Bc8 13. dxc6 Qc7 14. Nbd2 Qxc6 15. a4
Be6 16. Nf1 Nc4 17. Ng3 Rfe8 18. Nf5 Bf8 19. Nh2 d5 20. exd5 Qxd5 21. Ng4 Nxg4
22. Qxg4 g6 23. Be4 Qd7 24. axb5 Rac8 25. Rd1 Nd6 26. Bc6 Rxc6 27. bxc6 Qxc6
28. Rxd6 Bxd6 29. Nh6+ Kg7 30. Qe2 Bc4 31. Qd2 Bf8 32. Ng4 f5 33. Ne3 Be6 34.
Qe2 Bc8 35. Nc2 Bb7 36. Ne1 Bd6 37. Bd2 f4 38. c4 e4 39. Bc3+ Kg8 40. Qg4 Qc8
41. Qh4 Qe6 42. Qh6 Qf7 43. Rd1 Bf8 44. Qg5 f3 45. Qf6 Qxf6 46. Bxf6 Re6 47.
Bc3 Rd6 48. Rxd6 Bxd6 49. Nc2 Kf7 50. Nd4 g5 51. b4 Bc7 52. Nb3 Bd6 1/2-1/2

[Event "2. Magistral Marcel Duchamp 2010"]
[Site "Buenos Aires"]
[Date "2010.12.12"]
[Round "2.3"]
[White "Milos, Gilberto"]
[Black "Perez Ponsa, Federico"]
[Result "1/2-1/2"]
[WhiteElo "2596"]
[BlackElo "2469"]
[PlyCount "102"]
[EventDate "2010.12.11"]
[EventType "tourn"]
[EventRounds "9"]
[EventCountry "ARG"]
[EventCategory "9"]
[Source "lmi"]
[SourceDate "2010.12.11"]

1. d4 Nf6 2. c4 g6 3. Nc3 Bg7 4. e4 d6 5. f3 O-O 6. Bg5 a6 7. Qd2 Nbd7 8. Nh3
c5 9. d5 b5 10. cxb5 Qa5 11. Nf2 Nb6 12. Nfd1 axb5 13. Nxb5 Bd7 14. Qxa5 Rxa5
15. Nbc3 Rb8 16. Bd2 Ra7 17. Rc1 Na4 18. b3 Nxc3 19. Nxc3 Ne8 20. Rc2 Nc7 21.
Bc4 Na6 22. a3 Nc7 23. a4 Bc8 24. Na2 Ba6 25. Bxa6 Nxa6 26. Nc1 f5 27. Ke2 Kf7
28. g4 Bf6 29. gxf5 gxf5 30. Rg1 Raa8 31. Rg2 h5 32. Kd3 Rb7 33. exf5 Rab8 34.
Ba5 c4+ 35. Rxc4 Nc5+ 36. Rxc5 dxc5 37. Kc4 Ra7 38. Be1 Bd4 39. Nd3 Kf6 40.
Bh4+ Kf7 41. Rg6 Rab7 42. d6 Rxb3 43. Nxc5 R3b4+ 44. Kd5 Bxc5 45. Bxe7 Be3 46.
Rf6+ Kg7 47. Re6 Rd4+ 48. Kc6 Rc4+ 49. Kd5 Rd4+ 50. Kc6 Rc4+ 51. Kd5 Rd4+
1/2-1/2

[Event "2. Magistral Marcel Duchamp 2010"]
[Site "Buenos Aires"]
[Date "2010.12.12"]
[Round "2.4"]
[White "Mareco, Sandro"]
[Black "Ricardi, Pablo"]
[Result "1-0"]
[WhiteElo "2603"]
[BlackElo "2517"]
[PlyCount "85"]
[EventDate "2010.12.11"]
[EventType "tourn"]
[EventRounds "9"]
[EventCountry "ARG"]
[EventCategory "9"]
[Source "lmi"]
[SourceDate "2010.12.11"]

1. d4 Nf6 2. c4 e6 3. Nf3 d5 4. g3 c6 5. Bg2 Nbd7 6. Qc2 Bd6 7. O-O O-O 8. Nc3
Re8 9. Rd1 Qe7 10. b3 Rb8 11. e4 Nxe4 12. Nxe4 dxe4 13. Qxe4 e5 14. Bb2 Nf6 15.
Qh4 e4 16. Re1 Bf5 17. Qg5 Bg6 18. Ne5 Ba3 19. Bc3 Bb4 20. Qd2 a5 21. c5 Bxc3
22. Qxc3 Ra8 23. Qc2 Qd8 24. Qb2 Re7 25. Re2 Bf5 26. Rae1 a4 27. Nc4 axb3 28.
axb3 Bg4 29. f3 Bh5 30. Re3 Rd7 31. Nb6 Nd5 32. Nxd7 Nxe3 33. Rxe3 Qxd7 34.
fxe4 f6 35. d5 Bf7 36. d6 b6 37. b4 Ra2 38. Qd4 bxc5 39. bxc5 Be6 40. e5 Qb7
41. exf6 Qb1+ 42. Bf1 Bd5 43. f7+ 1-0

[Event "2. Magistral Marcel Duchamp 2010"]
[Site "Buenos Aires"]
[Date "2010.12.13"]
[Round "3.2"]
[White "Ricardi, Pablo"]
[Black "Saldaño Dayer, Horacio"]
[Result "1/2-1/2"]
[WhiteElo "2517"]
[BlackElo "2405"]
[PlyCount "43"]
[EventDate "2010.12.11"]
[EventType "tourn"]
[EventRounds "9"]
[EventCountry "ARG"]
[EventCategory "9"]
[Source "lmi"]
[SourceDate "2010.12.11"]

1. Nf3 Nf6 2. g3 g6 3. b3 Bg7 4. Bb2 c5 5. c4 d6 6. d4 Ne4 7. Bg2 Qa5+ 8. Nfd2
Nxd2 9. Bc3 Qb6 10. dxc5 Nxb1 11. Bxg7 Qb4+ 12. Kf1 Rg8 13. Bh6 Na3 14. cxd6
Qxd6 15. Qxd6 exd6 16. Bf4 Ke7 17. Rd1 Rd8 18. c5 dxc5 19. Bg5+ f6 20. Bxf6+
Kxf6 21. Rxd8 Nc6 22. Re8 1/2-1/2

[Event "2. Magistral Marcel Duchamp 2010"]
[Site "Buenos Aires"]
[Date "2010.12.13"]
[Round "3.3"]
[White "Perez Ponsa, Federico"]
[Black "Mareco, Sandro"]
[Result "1/2-1/2"]
[WhiteElo "2469"]
[BlackElo "2603"]
[PlyCount "55"]
[EventDate "2010.12.11"]
[EventType "tourn"]
[EventRounds "9"]
[EventCountry "ARG"]
[EventCategory "9"]
[Source "lmi"]
[SourceDate "2010.12.11"]

1. e4 c5 2. Nf3 d6 3. d4 cxd4 4. Nxd4 Nf6 5. Nc3 a6 6. Be3 e6 7. g4 h6 8. Bg2
Qc7 9. Qe2 Nc6 10. h3 Ne5 11. O-O-O Bd7 12. Kb1 Rc8 13. f4 Nc4 14. Bc1 b5 15.
Rhe1 Be7 16. e5 dxe5 17. fxe5 Nh7 18. Nd5 exd5 19. e6 fxe6 20. Nxe6 Bxe6 21.
Qxe6 Nf6 22. Bxd5 Nxd5 23. Qg6+ Kf8 24. Rxd5 Bf6 25. b3 Ne5 26. Qf5 Re8 27. Bf4
Qf7 28. Qe4 1/2-1/2

[Event "2. Magistral Marcel Duchamp 2010"]
[Site "Buenos Aires"]
[Date "2010.12.13"]
[Round "3.4"]
[White "Pierrot, Facundo"]
[Black "Milos, Gilberto"]
[Result "0-1"]
[WhiteElo "2439"]
[BlackElo "2596"]
[PlyCount "68"]
[EventDate "2010.12.11"]
[EventType "tourn"]
[EventRounds "9"]
[EventCountry "ARG"]
[EventCategory "9"]
[Source "lmi"]
[SourceDate "2010.12.11"]

1. d4 Nf6 2. c4 e6 3. Nc3 Bb4 4. Qc2 O-O 5. a3 Bxc3+ 6. Qxc3 b6 7. Bg5 h6 8.
Bh4 Ba6 9. Nf3 d6 10. e3 Nbd7 11. Be2 c5 12. dxc5 bxc5 13. O-O d5 14. Qc2 Qb6
15. Rfd1 Rac8 16. Rac1 Rfe8 17. Nd2 e5 18. e4 d4 19. Rb1 g5 20. Bg3 Bb7 21. f3
Nh5 22. Be1 Nf4 23. Nf1 f5 24. Ng3 fxe4 25. Nxe4 Nf6 26. Nf2 g4 27. Nxg4 Nxg4
28. fxg4 e4 29. Bf1 e3 30. Bg3 Be4 31. Qc1 Qf6 32. Ra1 Nh3+ 33. Kh1 Nf2+ 34.
Bxf2 Qxf2 0-1

[Event "2. Magistral Marcel Duchamp 2010"]
[Site "Buenos Aires"]
[Date "2010.12.13"]
[Round "3.5"]
[White "Rodriguez Vila, Andres"]
[Black "Dos Santos, Ramiro"]
[Result "1-0"]
[WhiteElo "2556"]
[BlackElo "2450"]
[PlyCount "63"]
[EventDate "2010.12.11"]
[EventType "tourn"]
[EventRounds "9"]
[EventCountry "ARG"]
[EventCategory "9"]
[Source "lmi"]
[SourceDate "2010.12.11"]

1. e4 e5 2. Nf3 Nc6 3. Bc4 Nf6 4. d3 Be7 5. O-O O-O 6. Re1 d6 7. c3 a6 8. Bb3
Na5 9. Bc2 c5 10. Nbd2 Re8 11. Nf1 g6 12. d4 cxd4 13. cxd4 Bg4 14. d5 Rc8 15.
Bd3 Nh5 16. Ne3 Bxf3 17. Qxf3 Bg5 18. Bf1 Qb6 19. b3 Qb4 20. Rd1 b5 21. Bd2 Qa3
22. h4 Be7 23. Rdb1 Nb7 24. b4 Nf6 25. Rb3 Qa4 26. Nd1 Rc2 27. Nc3 Rxc3 28.
Qxc3 Nxe4 29. Qc6 Rb8 30. Be1 Nd8 31. Qc2 Nf6 32. Qb2 1-0

[Event "2. Magistral Marcel Duchamp 2010"]
[Site "Buenos Aires"]
[Date "2010.12.14"]
[Round "4.1"]
[White "Flores, Diego"]
[Black "Dos Santos, Ramiro"]
[Result "1-0"]
[WhiteElo "2608"]
[BlackElo "2450"]
[PlyCount "89"]
[EventDate "2010.12.11"]
[EventType "tourn"]
[EventRounds "9"]
[EventCountry "ARG"]
[EventCategory "9"]
[Source "lmi"]
[SourceDate "2010.12.11"]

1. c4 g6 2. Nc3 c5 3. Nf3 Bg7 4. g3 Nc6 5. Bg2 d6 6. O-O Nh6 7. d4 cxd4 8. Bxh6
Bxh6 9. Nxd4 Bd7 10. c5 dxc5 11. Nxc6 Bxc6 12. Bxc6+ bxc6 13. Qc2 O-O 14. Na4
Qa5 15. b3 Rfd8 16. Rad1 Rd5 17. e4 Rd4 18. Nxc5 Bg7 19. Kg2 Qb5 20. Rxd4 Bxd4
21. Nd3 c5 22. Rc1 Rd8 23. Rd1 Rd6 24. Ne1 e5 25. Nf3 Ra6 26. h4 h5 27. Re1 Rf6
28. Rc1 Kg7 29. Qc4 Qb7 30. Qe2 Ra6 31. Rc2 Rd6 32. Qd3 Ra6 33. Re2 Rf6 34. Qc4
Rd6 35. Qc2 Qb5 36. Rd2 Rf6 37. Qd3 Qb7 38. Re2 Ra6 39. b4 cxb4 40. Nxd4 exd4
41. Qxd4+ Kg8 42. Rb2 Rb6 43. Kh2 a5 44. Rc2 Re6 45. Qd8+ 1-0

[Event "2. Magistral Marcel Duchamp 2010"]
[Site "Buenos Aires"]
[Date "2010.12.14"]
[Round "4.2"]
[White "Milos, Gilberto"]
[Black "Rodriguez Vila, Andres"]
[Result "1-0"]
[WhiteElo "2596"]
[BlackElo "2556"]
[PlyCount "101"]
[EventDate "2010.12.11"]
[EventType "tourn"]
[EventRounds "9"]
[EventCountry "ARG"]
[EventCategory "9"]
[Source "lmi"]
[SourceDate "2010.12.11"]

1. d4 f5 2. Nf3 Nf6 3. g3 g6 4. Bg2 Bg7 5. O-O O-O 6. c4 d6 7. Nc3 Na6 8. Bg5
c5 9. Qc1 cxd4 10. Nxd4 Ng4 11. Ndb5 h6 12. Bd2 Kh7 13. Nd5 e6 14. Nf4 Nc5 15.
Bc3 e5 16. Nd5 h5 17. Bd2 f4 18. f3 Nf6 19. Nxf6+ Qxf6 20. Nc7 fxg3 21. Nxa8
gxh2+ 22. Kh1 Ne6 23. f4 exf4 24. Bc3 Qg5 25. Qd2 Be5 26. Rae1 Ng7 27. e4 Qe7
28. c5 dxc5 29. Bxe5 Qxe5 30. Qc3 Qb8 31. Qxc5 Bg4 32. Qc7 f3 33. Qxb8 fxg2+
34. Kxg2 Rxb8 35. Nc7 Rc8 36. Rc1 Be2 37. Rfe1 h1=Q+ 38. Kxh1 Bf3+ 39. Kh2 g5
40. Kg3 Rf8 41. Rf1 h4+ 42. Kh3 Kg6 43. Rc5 Bg2+ 44. Kxg2 h3+ 45. Kxh3 Rxf1 46.
Rd5 Re1 47. Rd6+ Kh5 48. Rd7 Re3+ 49. Kg2 Rxe4 50. Rxg7 Kg4 51. Rf7 1-0

[Event "2. Magistral Marcel Duchamp 2010"]
[Site "Buenos Aires"]
[Date "2010.12.14"]
[Round "4.3"]
[White "Mareco, Sandro"]
[Black "Pierrot, Facundo"]
[Result "1-0"]
[WhiteElo "2603"]
[BlackElo "2439"]
[PlyCount "89"]
[EventDate "2010.12.11"]
[EventType "tourn"]
[EventRounds "9"]
[EventCountry "ARG"]
[EventCategory "9"]
[Source "lmi"]
[SourceDate "2010.12.11"]

1. d4 d5 2. c4 dxc4 3. Nf3 Nf6 4. e3 Bg4 5. Bxc4 e6 6. Nc3 Nbd7 7. O-O Bb4 8.
Qb3 c5 9. Ne5 Bh5 10. Ne2 Bxe2 11. Bxe2 Qc7 12. Nd3 a5 13. Qc2 Qb6 14. a3 c4
15. Ne5 Be7 16. Bxc4 O-O 17. Bd3 g6 18. Nf3 Rfc8 19. Qa4 Qc6 20. Qxc6 bxc6 21.
Bd2 c5 22. Rfc1 cxd4 23. Nxd4 Nc5 24. Bb5 Bf8 25. Bc4 Nfe4 26. Be1 Nd6 27. Ba2
Nd3 28. Rxc8 Rxc8 29. Bxa5 Nxb2 30. Nxe6 Ndc4 31. Nxf8 Nxa5 32. Nd7 Kg7 33. Ne5
f6 34. Nf3 Rc3 35. Bd5 f5 36. Kf1 Kf6 37. Rb1 Na4 38. Rb5 Nc4 39. Bxc4 Rxc4 40.
Rb4 Rc1+ 41. Ke2 Nc5 42. Rb6+ Ke7 43. Rc6 Rc3 44. Ne5 g5 45. Nd3 1-0

[Event "2. Magistral Marcel Duchamp 2010"]
[Site "Buenos Aires"]
[Date "2010.12.14"]
[Round "4.4"]
[White "Saldaño Dayer, Horacio"]
[Black "Perez Ponsa, Federico"]
[Result "0-1"]
[WhiteElo "2405"]
[BlackElo "2469"]
[PlyCount "82"]
[EventDate "2010.12.11"]
[EventType "tourn"]
[EventRounds "9"]
[EventCountry "ARG"]
[EventCategory "9"]
[Source "lmi"]
[SourceDate "2010.12.11"]

1. d4 g6 2. Nf3 Nf6 3. g3 Bg7 4. Bg2 O-O 5. O-O d6 6. a4 Na6 7. Nc3 c5 8. e4
cxd4 9. Nxd4 Bg4 10. Qd2 Qc8 11. Re1 Bh3 12. Bh1 Nb4 13. a5 e5 14. Nb3 Qc4 15.
Ra4 Bd7 16. Ra3 Rac8 17. Bg2 Rfd8 18. h3 Be8 19. Bf1 Qc7 20. Bg2 Qc4 21. Bf1
Qe6 22. Bg2 d5 23. exd5 Nbxd5 24. Nxd5 Nxd5 25. Qe2 Nb4 26. Na1 Bc6 27. Be3
Bxg2 28. Kxg2 a6 29. Kh2 e4 30. Rb3 Rc4 31. Rd1 Rxd1 32. Qxd1 Qc8 33. c3 Nd3
34. Nc2 h5 35. Ne1 Qd7 36. Rb6 h4 37. g4 Be5+ 38. Kg1 Qd5 39. Nxd3 exd3 40. Qb3
Bc7 41. Rb4 Qe5 0-1

[Event "2. Magistral Marcel Duchamp 2010"]
[Site "Buenos Aires"]
[Date "2010.12.15"]
[Round "5.1"]
[White "Ricardi, Pablo"]
[Black "Flores, Diego"]
[Result "1/2-1/2"]
[WhiteElo "2517"]
[BlackElo "2608"]
[PlyCount "155"]
[EventDate "2010.12.11"]
[EventType "tourn"]
[EventRounds "9"]
[EventCountry "ARG"]
[EventCategory "9"]
[Source "lmi"]
[SourceDate "2010.12.11"]

1. g3 g6 2. Bg2 Bg7 3. d4 Nf6 4. Nf3 O-O 5. c4 d6 6. O-O Nbd7 7. Nc3 e5 8. h3
c6 9. e4 exd4 10. Nxd4 Re8 11. Re1 Qa5 12. Be3 Ne5 13. Bf1 Be6 14. Nxe6 Rxe6
15. f4 Nxe4 16. fxe5 Nxg3 17. exd6 Rxe3 18. Rxe3 Qc5 19. Qd3 Nf5 20. Rae1 Bd4
21. Nd1 Rd8 22. Kh1 Nxe3 23. Nxe3 Rxd6 24. b4 Qxb4 25. Nc2 Qc3 26. Re8+ Kg7 27.
Qe4 Bf6 28. Ne3 Bg5 29. Qf3 Qa1 30. Ng4 h5 31. Nh2 Rf6 32. Qg2 Bf4 33. Nf3 Bd6
34. Qe2 Bc5 35. Kg2 Qc3 36. Qe4 Qa3 37. Be2 Qxa2 38. Qe5 Bd6 39. Qd4 Qa3 40.
Rg8+ Kxg8 41. Qxf6 Be7 42. Qd4 Bc5 43. Qe5 Qe3 44. Qxe3 Bxe3 45. Ne5 Bd4 46.
Nd3 Kg7 47. Kf3 f5 48. Bd1 g5 49. Kg2 h4 50. Kf3 Kf6 51. Bc2 Ke6 52. Nc1 Ke5
53. Nd3+ Kd6 54. Nc1 Kc5 55. Bxf5 Kxc4 56. Be6+ Kb4 57. Ke4 c5 58. Kd5 b5 59.
Bd7 Be3 60. Nd3+ Kc3 61. Bxb5 a5 62. Ne5 Kb4 63. Bd7 a4 64. Ke4 a3 65. Be6 Bd4
66. Nf3 Kc3 67. Ba2 Kb2 68. Bc4 Bf6 69. Kd5 Be7 70. Nxg5 a2 71. Bxa2 Kxa2 72.
Ne4 Kb3 73. Nxc5+ Bxc5 74. Kxc5 Kc3 75. Kd5 Kd3 76. Ke5 Ke3 77. Kd5 Kf3 78. Kd4
1/2-1/2

[Event "2. Magistral Marcel Duchamp 2010"]
[Site "Buenos Aires"]
[Date "2010.12.15"]
[Round "5.3"]
[White "Pierrot, Facundo"]
[Black "Saldaño Dayer, Horacio"]
[Result "1/2-1/2"]
[WhiteElo "2439"]
[BlackElo "2405"]
[PlyCount "40"]
[EventDate "2010.12.11"]
[EventType "tourn"]
[EventRounds "9"]
[EventCountry "ARG"]
[EventCategory "9"]
[Source "lmi"]
[SourceDate "2010.12.11"]

1. Nf3 d5 2. d4 Nf6 3. c4 e6 4. Nc3 Be7 5. cxd5 exd5 6. Bg5 c6 7. Qc2 g6 8. e3
Bf5 9. Bd3 Bxd3 10. Qxd3 Nbd7 11. O-O O-O 12. Rab1 a5 13. Rfc1 Ne4 14. Bxe7
Qxe7 15. Nd2 Nd6 16. Na4 f5 17. g3 g5 18. Nc5 Nf6 19. Nf3 Nfe4 20. Ne5 g4
1/2-1/2

[Event "2. Magistral Marcel Duchamp 2010"]
[Site "Buenos Aires"]
[Date "2010.12.15"]
[Round "5.4"]
[White "Rodriguez Vila, Andres"]
[Black "Mareco, Sandro"]
[Result "0-1"]
[WhiteElo "2556"]
[BlackElo "2603"]
[PlyCount "72"]
[EventDate "2010.12.11"]
[EventType "tourn"]
[EventRounds "9"]
[EventCountry "ARG"]
[EventCategory "9"]
[Source "lmi"]
[SourceDate "2010.12.11"]

1. e4 c5 2. Nc3 d6 3. Nge2 Nf6 4. h3 Nc6 5. g4 d5 6. Bg2 d4 7. Nd5 Nd7 8. d3 e6
9. Ndf4 g6 10. Ng3 Bg7 11. h4 h6 12. Bd2 Nde5 13. Qe2 Nb4 14. Kf1 Nxc2 15. Rc1
Nb4 16. Rxc5 Qb6 17. Bxb4 Qxb4 18. Qc2 Bd7 19. a3 Qb6 20. b4 Qd6 21. Ke2 b6 22.
Rc7 O-O 23. g5 hxg5 24. hxg5 Rac8 25. Rc1 Ng4 26. Nh3 Be5 27. Rxc8 Rxc8 28.
Qxc8+ Bxc8 29. Rxc8+ Kg7 30. Nf1 Qd7 31. Rc4 Qa4 32. f4 Qxa3 33. Bf3 Nh2 34.
Nd2 Bd6 35. b5 Bb4 36. Rc2 Qa4 0-1

[Event "2. Magistral Marcel Duchamp 2010"]
[Site "Buenos Aires"]
[Date "2010.12.15"]
[Round "5.5"]
[White "Dos Santos, Ramiro"]
[Black "Milos, Gilberto"]
[Result "0-1"]
[WhiteElo "2450"]
[BlackElo "2596"]
[PlyCount "87"]
[EventDate "2010.12.11"]
[EventType "tourn"]
[EventRounds "9"]
[EventCountry "ARG"]
[EventCategory "9"]
[Source "lmi"]
[SourceDate "2010.12.11"]

1. e4 c5 2. c3 d5 3. exd5 Qxd5 4. Nf3 Nf6 5. d4 Bg4 6. Nbd2 Nc6 7. Bc4 Bxf3 8.
Qb3 Na5 9. Qb5+ Qd7 10. Nxf3 Nxc4 11. Qxc4 cxd4 12. Nxd4 Rc8 13. Qe2 e6 14. Bg5
Be7 15. Rd1 Qd5 16. Nf3 Qe4 17. Rd4 Qb1+ 18. Rd1 Qe4 19. Rd4 Qb1+ 20. Rd1 Qf5
21. O-O O-O 22. Bxf6 Bxf6 23. Rd7 Qa5 24. Rxb7 Qxa2 25. Qb5 h6 26. h3 a6 27.
Qh5 Rb8 28. Rxb8 Rxb8 29. Ne5 Bxe5 30. Qxe5 Rxb2 31. c4 Rc2 32. c5 Qc4 33. Qb8+
Kh7 34. Qb7 e5 35. Qe7 f6 36. Qd7 Qe4 37. Qc7 Qd3 38. Qc8 a5 39. c6 a4 40. c7
a3 41. Qd8 Qc4 42. c8=Q Qxc8 43. Qd3+ f5 44. Qxa3 0-1

[Event "2. Magistral Marcel Duchamp 2010"]
[Site "Buenos Aires"]
[Date "2010.12.16"]
[Round "6.1"]
[White "Flores, Diego"]
[Black "Milos, Gilberto"]
[Result "1/2-1/2"]
[WhiteElo "2608"]
[BlackElo "2596"]
[PlyCount "100"]
[EventDate "2010.12.11"]
[EventType "tourn"]
[EventRounds "9"]
[EventCountry "ARG"]
[EventCategory "9"]
[Source "lmi"]
[SourceDate "2010.12.11"]

1. Nf3 Nf6 2. c4 b6 3. g3 Bb7 4. Bg2 e6 5. O-O Be7 6. d4 O-O 7. d5 exd5 8. Nh4
c6 9. cxd5 Nxd5 10. Nf5 Bf6 11. e4 Ne7 12. Nd6 Ba6 13. Re1 Be5 14. Na3 c5 15.
Nac4 Bd4 16. e5 Nbc6 17. Bg5 Bxc4 18. Nxc4 Qc7 19. Bxe7 Nxe7 20. Bxa8 Rxa8 21.
Re4 Qc6 22. Nd6 Nf5 23. Qe2 Nxd6 24. exd6 Rf8 25. Re1 Qxd6 26. b3 g6 27. Qf3
Kg7 28. Kg2 Rc8 29. Re7 Bf6 30. Re8 Rxe8 31. Rxe8 b5 32. Qb7 c4 33. Qxb5 c3 34.
Rc8 Qd2 35. Qc5 d6 36. Qe3 g5 37. Rc7 Qd5+ 38. Qf3 Qe6 39. h3 d5 40. Rxc3 Bxc3
41. Qxc3+ Kg6 42. g4 a6 43. Qd3+ Kg7 44. b4 Qc6 45. Qd4+ f6 46. Qc5 Qe6 47. Qd4
Qc6 48. a3 Kf7 49. Qa7+ Kg6 50. Qd4 Kf7 1/2-1/2

[Event "2. Magistral Marcel Duchamp 2010"]
[Site "Buenos Aires"]
[Date "2010.12.16"]
[Round "6.2"]
[White "Mareco, Sandro"]
[Black "Dos Santos, Ramiro"]
[Result "1-0"]
[WhiteElo "2603"]
[BlackElo "2450"]
[PlyCount "87"]
[EventDate "2010.12.11"]
[EventType "tourn"]
[EventRounds "9"]
[EventCountry "ARG"]
[EventCategory "9"]
[Source "lmi"]
[SourceDate "2010.12.11"]

1. d4 Nf6 2. c4 g6 3. Nc3 d5 4. Bf4 Bg7 5. e3 c6 6. Nf3 O-O 7. Be2 a6 8. c5 Bg4
9. O-O Nh5 10. Bg5 h6 11. Bh4 g5 12. Nd2 Bxe2 13. Qxe2 Nf6 14. Bg3 Nbd7 15. b4
Ne8 16. Nb3 f5 17. Rad1 e5 18. dxe5 f4 19. e4 fxg3 20. hxg3 Bxe5 21. exd5 Bxc3
22. dxc6 bxc6 23. Qc4+ Rf7 24. Qxc3 Qf6 25. Qc2 Ne5 26. Rfe1 Raa7 27. Re4 Rae7
28. Rd8 Kg7 29. Nd4 Ng6 30. f3 Kh7 31. Rc8 Rxe4 32. Qxe4 Re7 33. Qg4 Nf4 34.
Qf5+ Ng6 35. Qxf6 Nxf6 36. Rxc6 Nd5 37. a3 Re1+ 38. Kf2 Ra1 39. Rd6 Ra2+ 40.
Kg1 Ne3 41. c6 Rxg2+ 42. Kh1 Rf2 43. Rd7+ Ne7 44. Rxe7+ 1-0

[Event "2. Magistral Marcel Duchamp 2010"]
[Site "Buenos Aires"]
[Date "2010.12.16"]
[Round "6.3"]
[White "Saldaño Dayer, Horacio"]
[Black "Rodriguez Vila, Andres"]
[Result "1-0"]
[WhiteElo "2405"]
[BlackElo "2556"]
[PlyCount "85"]
[EventDate "2010.12.11"]
[EventType "tourn"]
[EventRounds "9"]
[EventCountry "ARG"]
[EventCategory "9"]
[Source "lmi"]
[SourceDate "2010.12.11"]

1. e4 e6 2. d4 d5 3. Nd2 Nf6 4. e5 Nfd7 5. Bd3 c5 6. c3 Nc6 7. Ne2 cxd4 8. cxd4
f6 9. exf6 Nxf6 10. O-O Bd6 11. Nf3 Qc7 12. Bd2 O-O 13. Rc1 Ng4 14. Ng3 g6 15.
Bc3 Bd7 16. b4 a6 17. a4 Bf4 18. Rc2 Qd6 19. Rb2 Rfc8 20. Bd2 a5 21. bxa5 Nxa5
22. Bxf4 Qxf4 23. h3 Nf6 24. Re1 Rc7 25. Bb5 Nc4 26. Rbe2 Bc8 27. Qc1 Qd6 28.
Qg5 Kg7 29. Ne5 Qb6 30. h4 Nxe5 31. dxe5 Ng8 32. h5 Bd7 33. hxg6 hxg6 34. Nh5+
Kh7 35. Bd3 Be8 36. Re3 Qb4 37. Rb1 Qe7 38. Nf6+ Nxf6 39. exf6 Qf7 40. Rh3+ Kg8
41. Rb4 Rxa4 42. Rxa4 Bxa4 43. Bxg6 1-0

[Event "2. Magistral Marcel Duchamp 2010"]
[Site "Buenos Aires"]
[Date "2010.12.17"]
[Round "7.1"]
[White "Perez Ponsa, Federico"]
[Black "Flores, Diego"]
[Result "0-1"]
[WhiteElo "2469"]
[BlackElo "2608"]
[PlyCount "74"]
[EventDate "2010.12.11"]
[EventType "tourn"]
[EventRounds "9"]
[EventCountry "ARG"]
[EventCategory "9"]
[Source "lmi"]
[SourceDate "2010.12.11"]

1. e4 c5 2. Nf3 e6 3. d4 cxd4 4. Nxd4 a6 5. Nc3 Qc7 6. Be2 Nf6 7. O-O d6 8. f4
Nc6 9. Be3 Be7 10. Kh1 O-O 11. a4 Bd7 12. Nb3 b6 13. g4 d5 14. e5 Ne4 15. Nxe4
dxe4 16. c3 Rfd8 17. Qe1 Na5 18. Nd2 Bc6 19. b4 Rxd2 20. bxa5 Rd3 21. axb6 Qd7
22. Rd1 Rd8 23. Bd4 Bc5 24. Kg2 Bxd4 25. cxd4 Rxd4 26. Qc3 e3+ 27. Kg3 Qd5 28.
Rg1 Qe4 29. Kh3 h5 30. gxh5 Rxd1 31. Rxd1 Qg2+ 32. Kh4 Qxh2+ 33. Kg5 Qg2+ 34.
Kh4 Qh2+ 35. Kg5 Qg3+ 36. Bg4 Rxd1 37. Qxc6 f6+ 0-1